A "páratlan" óvoda

Elmentve itt :
Bibliográfiai részletek
Szerző: Szőke Mária
Dokumentumtípus: Cikk
Megjelent: 1972-09-06
Sorozat:Délmagyarország 62 No. 210
Kulcsszavak:óvodák, bölcsődék
Online Access:http://dmarchiv.bibl.u-szeged.hu/116790
LEADER 00447nab a2200157 i 4500
001 delm116790
005 20190319132101.0
008 190319s1972 hu o 0|| hun d
040 |a SZTE Délmagyarország Archívum  |b hun 
041 |a hun 
100 1 |a Szőke Mária 
245 1 2 |a A "páratlan" óvoda  |h [elektronikus dokumentum] /  |c  Szőke Mária 
260 |c 1972-09-06 
300 |a 3 
490 0 |a Délmagyarország  |v 62 No. 210 
695 |a óvodák, bölcsődék